MESTSKÁ KNIŽNICA GIRALTOVCE  - online katalóg 

Napoleon Bonaparte (Record no. 12257)

000 -NÁVESTIE
fixed length control field 00843nam a2200253 a 4500
008 - ÚDAJE S PEVNOU DĹŽKOU – VŠEOBECNÉ INFORMÁCIE
fixed length control field 951213s1974||||CS 0 slo c
020 ## - MEDZINÁRODNÉ ŠTANDARDNÉ ČÍSLO KNIHY (ISBN)
Údaje o dostupnosti 46 Kčs.
040 ## - ZDROJ KATALOGIZÁCIE
Pôvodná katalogizujúca agentúra SNK
Jazyk katalogizácie slo
Prepisujúca agentúra SNK
Konvencie popisu AACR2
044 ## - KÓD KRAJINY VYDAVATEĽA/PRODUCENTA
Kód krajiny MARC xo
Kód krajiny ISO SK
080 ## - ČÍSLO MEDZINÁRODNÉHO DESATINNÉHO TRIEDENIA (MDT)
Číslo Medzinárodného desatinného triedenia (MDT) 882-94
080 ## - ČÍSLO MEDZINÁRODNÉHO DESATINNÉHO TRIEDENIA (MDT)
Číslo Medzinárodného desatinného triedenia (MDT) 92 Napoleon Bonaparte
080 ## - ČÍSLO MEDZINÁRODNÉHO DESATINNÉHO TRIEDENIA (MDT)
Číslo Medzinárodného desatinného triedenia (MDT) 940"17/18"
041 ## - KÓD JAZYKA
Kód jazyka textu/zvukovej stopy alebo samostatných nápisov slo
100 1# - OSOBNÉ MENÁ – VŠEOBECNÉ INFORMÁCIE
Osobné meno Manfred, Albert Z.
245 10 - NÁZOV
Názov Napoleon Bonaparte
Údaj o zodpovednosti atď. Albert Z. Manfred ; Oľga Gažová, Karol Šrámek, Karol Rosmány, Napoleon Bonaparte
260 ## - VYDAVATEĽSKÉ ÚDAJE, DISTRIBÚCIA ATĎ.
Miesto publikovania, distribúcie atď. Bratislava
Názov vydavateľa, distibútora atď. Pravda
Dátum publikovania, distribúcie atď. 1974
Miesto výroby Bratislava
Výrobca Pravda
300 ## - FYZICKÝ POPIS
Rozmery 21 cm
500 ## - VŠEOBECNÁ POZNÁMKA
Formátovaná poznámka o obsahu Lit. 678. Pozn. Ilustr. na front. a predsádkach. Men. reg. 678 zázn. lit. o knihách, čl. a novinách v jaz. slov., rus. a franc.
700 1# - PRIDANÝ VSTUP – OSOBNÉ MENO
Kód roly prk
700 1# - PRIDANÝ VSTUP – OSOBNÉ MENO
Osobné meno Šrámek, Karol
Kód roly prk
700 1# - PRIDANÝ VSTUP – OSOBNÉ MENO
Osobné meno Rosmány, Karol
Kód roly gup
700 1# - PRIDANÝ VSTUP – OSOBNÉ MENO
Osobné meno Napoleon Bonaparte
Kód roly ini
958 ## - Formálny deskriptor
Formálny deskriptor A
Holdings
Stav stiahnutia (Blokovanie) (Withrawn status) Stav straty Stav poškodenia (Damaged status) Nie pre výpožičky (Not for loan) Spôsob nadobudnutia (Collection code) Trvalé umiestnenie Aktuálne umiestnenie Dátum nadobudnutia Náklady, bežná kúpna cena Inventárne číslo (prírastkové číslo) Full call number Dátum posledného výskytu Cena s účinnosťou od Typ jednotky Koha
        Kúpa Mestská knižnica Giraltovce Mestská knižnica Giraltovce 2019-11-29 46.00 11551 B 5677 2019-11-29 2019-11-29 Krásna literatúra pre dospelých

Powered by Koha